[Event "16th Dubai Open 2014"]
[Site "Dubai UAE"]
[Date "2014.04.12"]
[Round "6.36"]
[White "Ravi, Teja S"]
[Black "Pratyusha, Bodda"]
[Result "1-0"]
[WhiteElo "2354"]
[BlackElo "2149"]
[PlyCount "69"]
[EventDate "2014.04.07"]

1. Nf3 d5 2. d4 Nf6 3. c4 c6 4. e3 Bf5 5. Nc3 e6 6. Qb3 Qc7 7. Bd2 Nbd7 8. Nh4
Bg6 9. Rc1 Qb6 10. Nxg6 Qxb3 11. axb3 hxg6 12. Ra1 Bd6 13. c5 Bc7 14. b4 e5 15.
b5 O-O 16. f3 Rfb8 17. b4 Nf8 18. bxc6 bxc6 19. b5 Ne6 20. Ra4 exd4 21. exd4
cxb5 22. Bxb5 a5 23. Ke2 Ra7 24. g3 Rab7 25. Rb1 Bd8 26. Kd1 Ne8 27. Bxe8 Rxb1+
28. Nxb1 Rxb1+ 29. Kc2 Rb8 30. Bc6 Bf6 31. Bc3 Rd8 32. Kd3 Rc8 33. Bxd5 Nc7 34.
Bc4 Rd8 35. Rxa5 1-0

[Event "16th Dubai Open 2014"]
[Site "Dubai UAE"]
[Date "2014.04.12"]
[Round "6.38"]
[White "Schneider, Veronika"]
[Black "Ahmed, Fareed"]
[Result "1/2-1/2"]
[WhiteElo "2307"]
[BlackElo "1767"]
[PlyCount "153"]
[EventDate "2014.04.07"]

1. e4 e5 2. Nf3 Nc6 3. Nc3 Nf6 4. d4 Bb4 5. d5 Ne7 6. Nxe5 Nxe4 7. Qd4 Bxc3+ 8.
bxc3 Nf6 9. Bg5 Nf5 10. Qf4 d6 11. Bb5+ Kf8 12. Ng4 Nxd5 13. Qd2 Nfe7 14. Be2
h6 15. c4 Nb6 16. Bxe7+ Qxe7 17. Ne3 Qf6 18. O-O Bd7 19. Bf3 Bc6 20. Bxc6 bxc6
21. Rab1 h5 22. Qd3 Qg5 23. Rfe1 g6 24. Qd4 Kg8 25. c3 Kh7 26. Qe4 d5 27. Qf3
Kg7 28. h4 Qf6 29. Qg3 Rac8 30. c5 Nd7 31. Rb4 Kh7 32. Rf4 Qg7 33. c4 Nxc5 34.
cxd5 Rcd8 35. Qf3 Rhf8 36. Rd1 cxd5 37. Rxd5 Ne6 38. Rf6 Nd4 39. Rxh5+ gxh5 40.
Qxh5+ Kg8 41. Rf4 f5 42. Kh2 Ne6 43. Rf3 f4 44. Ng4 Qh7 45. Nh6+ Kh8 46. g3 Ng7
47. Nf7+ Kg8 48. Nh6+ Kh8 49. Nf7+ Rxf7 50. Qxf7 fxg3+ 51. fxg3 Qh5 52. Qxh5+
Nxh5 53. g4 Rd2+ 54. Kh3 Rd3 55. Kg2 Rxf3 56. Kxf3 Nf6 57. g5 Ne8 58. Ke4 Kg7
59. h5 Kf7 60. Ke5 Kg7 61. Kd5 Kf7 62. Ke5 Kf8 63. Kd5 Kg7 64. Ke5 Nd6 65. Kd5
Ne8 66. Ke5 a5 67. a4 Nd6 68. Kd5 Ne8 69. Kc6 Nd6 70. Kxc7 Nc4 71. Kc6 Nd2 72.
Kd5 Nb3 73. g6 Kf6 74. Kc4 Nc1 75. Kd4 Nb3+ 76. Kd5 Nc1 77. Kc4 1/2-1/2

[Event "16th Dubai Open 2014"]
[Site "Dubai UAE"]
[Date "2014.04.13"]
[Round "7.1"]
[White "Bogner, Sebastian"]
[Black "Edouard, Romain"]
[Result "1/2-1/2"]
[WhiteElo "2587"]
[BlackElo "2670"]
[PlyCount "61"]
[EventDate "2014.04.07"]

1. d4 Nf6 2. c4 e6 3. Nf3 d5 4. Nc3 c5 5. cxd5 cxd4 6. Qxd4 exd5 7. e4 Nc6 8.
Bb5 dxe4 9. Qxd8+ Kxd8 10. Ng5 Be6 11. O-O Bb4 12. Ncxe4 Nxe4 13. Nxe4 Ke7 14.
Be3 Rhd8 15. Ba4 Kf8 16. a3 Be7 17. Nc5 Bc8 18. Rad1 Rxd1 19. Rxd1 Ne5 20. Bd4
Nc6 21. Be3 Ne5 22. Nd7+ Nxd7 23. Bxd7 Bf6 24. Bc5+ Kg8 25. Bxc8 Rxc8 26. Bxa7
Bxb2 27. a4 f6 28. g3 Ra8 29. Rb1 Rxa7 30. Rxb2 Rxa4 31. Rxb7 1/2-1/2

[Event "16th Dubai Open 2014"]
[Site "Dubai UAE"]
[Date "2014.04.13"]
[Round "7.2"]
[White "Kuzubov, Yuriy"]
[Black "Gupta, Abhijeet"]
[Result "1/2-1/2"]
[WhiteElo "2639"]
[BlackElo "2630"]
[PlyCount "83"]
[EventDate "2014.04.07"]

1. c4 Nf6 2. d4 g6 3. Nc3 d5 4. Bg5 Bg7 5. Bxf6 Bxf6 6. cxd5 c5 7. dxc5 Nd7 8.
Nf3 O-O 9. e3 Nxc5 10. Nd4 Qa5 11. Bb5 a6 12. Be2 Bd7 13. O-O Rac8 14. Rb1 Na4
15. Ne4 Bg7 16. Bf3 Rfd8 17. Qb3 Qb6 18. Qa3 Nc5 19. Nd2 Bb5 20. Rfc1 Bxd4 21.
exd4 Nd3 22. Rxc8 Rxc8 23. Qxe7 Qxd4 24. Qe3 Qxe3 25. fxe3 Ne5 26. Nb3 Rd8 27.
e4 f5 28. Rc1 b6 29. Nd4 fxe4 30. Bxe4 Bd3 31. Nc6 Rd6 32. Ne7+ Kf8 33. Nc8 Rd8
34. Bxd3 Nxd3 35. Rf1+ Ke8 36. Nxb6 Nxb2 37. Re1+ Kf7 38. Re3 Rb8 39. Rf3+ Ke7
40. Re3+ Kf7 41. Nd7 Rd8 42. Nb6 1/2-1/2

[Event "16th Dubai Open 2014"]
[Site "Dubai UAE"]
[Date "2014.04.13"]
[Round "7.4"]
[White "Iturrizaga Bonelli, Eduardo"]
[Black "Rahman, Ziaur"]
[Result "1/2-1/2"]
[WhiteElo "2635"]
[BlackElo "2513"]
[PlyCount "69"]
[EventDate "2014.04.07"]

1. d4 d5 2. c4 e6 3. Nf3 Nf6 4. Nc3 Bb4 5. Bg5 O-O 6. e3 c5 7. cxd5 exd5 8. Be2
Be6 9. O-O Nbd7 10. Ne5 Qa5 11. Nxd5 Nxd5 12. Nc4 Qc7 13. e4 cxd4 14. exd5 Bxd5
15. Qxd4 Bc6 16. Rfd1 Rfe8 17. Bf4 Qd8 18. Ne5 Nxe5 19. Qxb4 Qh4 20. Rd4 Qf6
21. Rd6 Qe7 22. Be3 a5 23. Qd4 Ng6 24. Bf1 Nh4 25. Qf4 Ng6 26. Qd4 Nh4 27. Qf4
Ng6 28. Qg3 a4 29. Bc5 Qe4 30. Bd3 Qe5 31. Qxe5 Rxe5 32. Be3 Rae8 33. Rd4 Ne7
34. Rd1 Nf5 35. Bxf5 1/2-1/2

[Event "16th Dubai Open 2014"]
[Site "Dubai UAE"]
[Date "2014.04.13"]
[Round "7.5"]
[White "Petrosian, Tigran L"]
[Black "Bachmann, Axel"]
[Result "1/2-1/2"]
[WhiteElo "2627"]
[BlackElo "2598"]
[PlyCount "171"]
[EventDate "2014.04.07"]

1. Nf3 c5 2. g3 Nc6 3. c4 e5 4. Nc3 g6 5. Bg2 Bg7 6. a3 a5 7. O-O Nge7 8. Ne1
d6 9. Nc2 Be6 10. Ne3 O-O 11. d3 Rb8 12. Ned5 h6 13. Rb1 b6 14. Bd2 Nd4 15.
Nxe7+ Qxe7 16. e3 Nf5 17. b4 axb4 18. axb4 Qd7 19. Ra1 Ne7 20. Qa4 Qxa4 21.
Rxa4 Rfd8 22. Rb1 Bf8 23. Kf1 Rbc8 24. bxc5 bxc5 25. Bb7 Rb8 26. Ke2 f5 27. e4
g5 28. exf5 Nxf5 29. Be3 Nd4+ 30. Bxd4 exd4 31. Ne4 Kg7 32. Raa1 Rd7 33. Bc6
Rxb1 34. Rxb1 Ra7 35. Rb2 Bg4+ 36. Kd2 Bf3 37. Bd5 g4 38. Kc2 Be7 39. Kb1 h5
40. Rb3 Bd1 41. Rb8 Be2 42. Rb3 Bd1 43. Rb2 Bf3 44. Kc2 Be2 45. Kd2 Bf3 46. Kc2
Be2 47. Rb8 Ra2+ 48. Kb3 Ra7 49. Kc2 Ra2+ 50. Kb1 Ra7 51. Rb3 Bd1 52. Rb2 Bf3
53. Kc1 Ra1+ 54. Kc2 Bd1+ 55. Kd2 Kg6 56. Rb8 Bf3 57. Rg8+ Kh6 58. Rh8+ Kg6 59.
Rg8+ Kh6 60. Kc2 Kh7 61. Kb2 Ra7 62. Re8 Kg7 63. Rg8+ Kh7 64. Re8 Kg7 65. Kc2
Ra2+ 66. Kb3 Ra7 67. Kb2 Bd1 68. Rg8+ Kh6 69. Rh8+ Kg6 70. Nd2 Bg5 71. Be4+ Kf6
72. f4 gxf3 73. Bxf3 Bxd2 74. Bxd1 Bc3+ 75. Kb3 Rb7+ 76. Ka4 Rb4+ 77. Ka3 Rb2
78. Rh6+ Ke7 79. Bxh5 Rxh2 80. Ka4 Rh3 81. Rh7+ Kf6 82. Rf7+ Kg5 83. Bf3 Rxg3
84. Kb5 Bd2 85. Be4 Bf4 86. Rg7+ 1/2-1/2

[Event "16th Dubai Open 2014"]
[Site "Dubai UAE"]
[Date "2014.04.13"]
[Round "7.6"]
[White "Brkic, Ante"]
[Black "Rakhmanov, Aleksandr"]
[Result "1/2-1/2"]
[WhiteElo "2568"]
[BlackElo "2610"]
[PlyCount "62"]
[EventDate "2014.04.07"]

1. e4 c5 2. Nc3 Nc6 3. Nf3 Nf6 4. d4 d5 5. exd5 Nxd5 6. dxc5 Nxc3 7. Qxd8+ Nxd8
8. bxc3 f6 9. Be3 Bd7 10. O-O-O Rc8 11. Nd2 e5 12. Ne4 Ne6 13. Rd5 Bc6 14. Nd6+
Bxd6 15. Rxd6 Nd8 16. Bc4 Nf7 17. Re6+ Kf8 18. Rd1 Re8 19. Rxe8+ Kxe8 20. Bd5
Bxd5 21. Rxd5 Nd8 22. c6 Nxc6 23. Rb5 b6 24. c4 Rf8 25. c5 bxc5 26. Kd2 Rf7 27.
Kc3 Rc7 28. Rxc5 Kd7 29. Kc4 Kd6 30. Rd5+ Ke6 31. Rc5 Kd6 1/2-1/2

[Event "16th Dubai Open 2014"]
[Site "Dubai UAE"]
[Date "2014.04.13"]
[Round "7.7"]
[White "Ghaem Maghami, Ehsan"]
[Black "Andriasian, Zaven"]
[Result "1/2-1/2"]
[WhiteElo "2556"]
[BlackElo "2603"]
[PlyCount "63"]
[EventDate "2014.04.07"]

1. Nf3 d5 2. c4 c6 3. e3 Nf6 4. d4 Bg4 5. Nc3 e6 6. h3 Bxf3 7. Qxf3 Bb4 8. Bd3
Nbd7 9. O-O O-O 10. Rd1 Nb6 11. Qe2 Nxc4 12. Bxc4 dxc4 13. Qxc4 Qe7 14. Bd2
Rfd8 15. Ne4 Bxd2 16. Nxd2 h6 17. Rac1 e5 18. Nb3 exd4 19. Rxd4 Rd5 20. Rxd5
Nxd5 21. Qd4 Nc7 22. Rd1 Ne6 23. Qd7 Kf8 24. Kf1 Rd8 25. Qxe7+ Kxe7 26. Rxd8
Kxd8 27. Ke2 Kd7 28. f4 b6 29. Kd3 Kd6 30. Nd2 Nc5+ 31. Kd4 Ne6+ 32. Kd3
1/2-1/2

[Event "16th Dubai Open 2014"]
[Site "Dubai UAE"]
[Date "2014.04.13"]
[Round "7.8"]
[White "Iordachescu, Viorel"]
[Black "Ismagambetov, Anuar"]
[Result "0-1"]
[WhiteElo "2601"]
[BlackElo "2493"]
[PlyCount "90"]
[EventDate "2014.04.07"]

1. e4 e5 2. Nf3 Nc6 3. Bb5 Nf6 4. d3 d6 5. c3 Bd7 6. O-O g6 7. Nbd2 Bg7 8. Re1
O-O 9. a4 Qe8 10. d4 Nh5 11. Nb3 a6 12. Be2 Rd8 13. Bg5 f6 14. Be3 Kh8 15. Nfd2
Ne7 16. Na5 Bc8 17. Nab3 Qf7 18. Rf1 Nf4 19. Bxf4 exf4 20. Re1 f5 21. Bc4 Qf6
22. e5 dxe5 23. dxe5 Qh4 24. Qe2 g5 25. Nf3 Qh6 26. e6 g4 27. Ne5 Bxe6 28. Bxe6
Qxe6 29. Nd4 Qg8 30. Nd3 Ng6 31. Nc5 Rfe8 32. Nde6 Rd6 33. Qc2 Rdxe6 34. Nxe6
Rxe6 35. Qxf5 Ne5 36. Re4 Re7 37. Qxf4 Qf7 38. Qxf7 Rxf7 39. Rd1 h5 40. Rd5 Rf5
41. Kf1 Kh7 42. a5 Kg6 43. h3 gxh3 44. gxh3 Bf6 45. Re3 Ng4 0-1

[Event "16th Dubai Open 2014"]
[Site "Dubai UAE"]
[Date "2014.04.13"]
[Round "7.9"]
[White "Akopian, Vladimir"]
[Black "Carlsson, Pontus"]
[Result "1/2-1/2"]
[WhiteElo "2674"]
[BlackElo "2486"]
[PlyCount "78"]
[EventDate "2014.04.07"]

1. e4 c5 2. Nf3 d6 3. Bc4 Nf6 4. d3 e6 5. O-O a6 6. Bb3 Nbd7 7. c3 b5 8. Re1
Bb7 9. Bg5 Be7 10. Nbd2 h6 11. Bh4 Ne5 12. Nxe5 dxe5 13. Nf3 Nd7 14. Bg3 Bf6
15. a4 O-O 16. Qc2 Qc7 17. h4 Rfd8 18. h5 c4 19. dxc4 bxc4 20. Ba2 a5 21. Nh2
Bg5 22. Ng4 Ba6 23. Red1 f6 24. Qe2 Qc6 25. f3 Qxa4 26. Bf2 Qc6 27. Ne3 Nb6 28.
Nc2 Kh7 29. Kh1 Rxd1+ 30. Rxd1 Na4 31. Na3 Rb8 32. Rb1 Rc8 33. Kg1 Kh8 34. Ra1
Kh7 35. Qc2 Nb6 36. Rd1 Na4 37. Ra1 Nb6 38. Rd1 Na4 39. Ra1 Nb6 1/2-1/2

[Event "16th Dubai Open 2014"]
[Site "Dubai UAE"]
[Date "2014.04.13"]
[Round "7.11"]
[White "Demuth, Adrien"]
[Black "Balogh, Csaba"]
[Result "0-1"]
[WhiteElo "2482"]
[BlackElo "2656"]
[PlyCount "70"]
[EventDate "2014.04.07"]

1. Nf3 Nf6 2. c4 e6 3. d4 b6 4. a3 Bb7 5. Nc3 g6 6. d5 Bg7 7. e4 O-O 8. Be2
exd5 9. exd5 c6 10. O-O cxd5 11. cxd5 Na6 12. Bc4 Rc8 13. Ba2 Nc5 14. Re1 Re8
15. Be3 Ba6 16. Bd4 Nd3 17. Rxe8+ Nxe8 18. Bxg7 Kxg7 19. Qa4 Nxb2 20. Qxa6 Rxc3
21. Qxa7 Nd6 22. h4 Nd3 23. Rf1 Nc1 24. Qa6 Nxa2 25. Qe2 Nc1 26. Qd2 Qc7 27. h5
Qc4 28. h6+ Kf8 29. Re1 Nd3 30. Qg5 Nxe1 31. Ne5 Qc7 32. Qf6 Rc1 33. Kh2 Ke8
34. Qh8+ Ke7 35. Qxh7 Qc2 0-1

[Event "16th Dubai Open 2014"]
[Site "Dubai UAE"]
[Date "2014.04.13"]
[Round "7.12"]
[White "Ghosh, Diptayan"]
[Black "Jones, Gawain C B"]
[Result "0-1"]
[WhiteElo "2485"]
[BlackElo "2650"]
[PlyCount "86"]
[EventDate "2014.04.07"]

1. d4 d6 2. e4 Nf6 3. Nc3 g6 4. Be3 a6 5. Qd2 b5 6. f3 Nbd7 7. a4 b4 8. Nce2
Rb8 9. g4 Bb7 10. h4 e5 11. h5 exd4 12. Nxd4 Bg7 13. h6 Bf8 14. g5 Nh5 15. Rxh5
gxh5 16. Nh3 Ne5 17. Be2 Rg8 18. Nf2 Qd7 19. Nf5 d5 20. f4 dxe4 21. Qxd7+ Nxd7
22. Bxh5 Nf6 23. Be2 Nd5 24. Ng4 Rg6 25. Rd1 Nxe3 26. Ngxe3 Bd6 27. Nxd6+ Rxd6
28. Rxd6 cxd6 29. Ng4 Ke7 30. Nf6 Rh8 31. Kd2 d5 32. c3 bxc3+ 33. bxc3 Kd6 34.
a5 Bc8 35. c4 dxc4 36. Bxc4 Kc5 37. Kc3 Bf5 38. Bxa6 Rd8 39. Be2 e3 40. a6 Rd2
41. a7 Ra2 42. Bd3 Ra3+ 43. Kb2 Rxa7 0-1

[Event "16th Dubai Open 2014"]
[Site "Dubai UAE"]
[Date "2014.04.13"]
[Round "7.13"]
[White "Debashis, Das"]
[Black "Amin, Bassem"]
[Result "0-1"]
[WhiteElo "2504"]
[BlackElo "2637"]
[PlyCount "123"]
[EventDate "2014.04.07"]

1. d4 Nf6 2. c4 e6 3. Nc3 Bb4 4. Nf3 b6 5. e3 Bb7 6. Bd3 Ne4 7. O-O f5 8. Ne5
O-O 9. Ne2 Bd6 10. b3 Nc5 11. Bc2 Bxe5 12. dxe5 Nc6 13. Bb2 a5 14. Nf4 Qe7 15.
Qe2 Nb4 16. a3 Nxc2 17. Qxc2 Be4 18. Qc3 Rfb8 19. a4 Qh4 20. f3 Bc6 21. Rad1 g5
22. Nd5 Bxd5 23. g3 Nxa4 24. Qc2 Qh6 25. cxd5 Nxb2 26. Qxb2 a4 27. bxa4 Rxa4
28. Qc2 Rba8 29. Rf2 f4 30. exf4 gxf4 31. dxe6 fxg3 32. hxg3 dxe6 33. Kg2 c5
34. Rfd2 Qg5 35. Qb3 Qxe5 36. Qxb6 Ra2 37. Qb3 Qd5 38. Qe3 R8a3 39. Qe2 Rd3 40.
Rxa2 Rxd1 41. Ra8+ Kf7 42. Ra7+ Kg6 43. Qe4+ Qxe4 44. fxe4 h5 45. Rc7 Rc1 46.
Kf3 Kf6 47. Rh7 Rc3+ 48. Kf2 Ke5 49. Rxh5+ Kxe4 50. g4 Kf4 51. g5 Rf3+ 52. Ke2
Re3+ 53. Kd2 Re5 54. Kd3 Rxg5 55. Rh4+ Ke5 56. Kc4 Kd6 57. Rf4 Rg1 58. Rf8 Rg4+
59. Kc3 Kd5 60. Rd8+ Ke4 61. Rc8 Rg3+ 62. Kc2 0-1

[Event "16th Dubai Open 2014"]
[Site "Dubai UAE"]
[Date "2014.04.13"]
[Round "7.14"]
[White "Shyam, Sundar M"]
[Black "Solak, Dragan"]
[Result "1/2-1/2"]
[WhiteElo "2481"]
[BlackElo "2635"]
[PlyCount "58"]
[EventDate "2014.04.07"]

1. d4 d6 2. e4 Nf6 3. Nc3 e5 4. dxe5 dxe5 5. Qxd8+ Kxd8 6. Bg5 Be6 7. g3 Kc8 8.
O-O-O Bc5 9. Bxf6 gxf6 10. Nd5 Nd7 11. f4 Bxd5 12. Rxd5 c6 13. Rd3 Kc7 14. Bh3
Rad8 15. Ne2 exf4 16. Bxd7 Rxd7 17. Nxf4 h5 18. Rxd7+ Kxd7 19. Rd1+ Kc7 20. Ng2
b5 21. Rf1 Bd4 22. c3 Be5 23. Nh4 a5 24. Kc2 a4 25. a3 Kd6 26. Nf5+ Kc7 27. Nh4
Kd6 28. Nf5+ Kc7 29. Nh4 Kd6 1/2-1/2

[Event "16th Dubai Open 2014"]
[Site "Dubai UAE"]
[Date "2014.04.13"]
[Round "7.15"]
[White "Grover, Sahaj"]
[Black "Mchedlishvili, Mikheil"]
[Result "1/2-1/2"]
[WhiteElo "2475"]
[BlackElo "2628"]
[PlyCount "105"]
[EventDate "2014.04.07"]

1. e4 c5 2. Nf3 e6 3. g3 Nc6 4. Bg2 Nf6 5. Qe2 e5 6. O-O Be7 7. c3 O-O 8. d4
cxd4 9. cxd4 d5 10. dxe5 dxe4 11. exf6 exf3 12. Qxf3 Bxf6 13. Nc3 Nd4 14. Qd1
Re8 15. Bf4 Nc6 16. Nb5 Bxb2 17. Rb1 Be5 18. Qxd8 Rxd8 19. Bxe5 Nxe5 20. Nc7
Rb8 21. Na6 Bf5 22. Nxb8 Bxb1 23. Rxb1 Rxb8 24. Rxb7 Rxb7 25. Bxb7 Kf8 26. f4
Nd3 27. Be4 Nc5 28. Bc2 h6 29. Kf2 Ke7 30. Ke3 Kd6 31. Kd4 f6 32. Kc4 Ne6 33.
Bf5 Nc5 34. Bh3 Na6 35. Bg2 Nc7 36. Be4 Ne6 37. Bd5 Nc7 38. Bg8 Na6 39. Kd4 Nc7
40. Bc4 Na8 41. h4 Nc7 42. g4 Na8 43. Ke4 Nb6 44. Bf7 Nd7 45. Kd4 Nb6 46. Bb3
Nd7 47. Bc2 Nc5 48. Bf5 Na6 49. Bd3 Nb4 50. Bc4 Nc6+ 51. Ke4 Ne7 52. Bf7 Nc6
53. Kf5 1/2-1/2

[Event "16th Dubai Open 2014"]
[Site "Dubai UAE"]
[Date "2014.04.13"]
[Round "7.16"]
[White "Ashwin, Jayaram"]
[Black "Volkov, Sergey"]
[Result "1/2-1/2"]
[WhiteElo "2454"]
[BlackElo "2600"]
[PlyCount "98"]
[EventDate "2014.04.07"]

1. e4 e6 2. d4 d5 3. e5 c5 4. c3 Bd7 5. Nf3 Nc6 6. Be2 Nge7 7. Na3 cxd4 8. cxd4
Qa5+ 9. Bd2 Qb6 10. Nc2 Nf5 11. Bc3 Nb4 12. Ne3 Nxe3 13. fxe3 Bb5 14. O-O Bxe2
15. Qxe2 Be7 16. Ne1 O-O 17. a3 Nc6 18. Nd3 Qb5 19. Qc2 a5 20. Nf4 Bg5 21. Rf3
Bxf4 22. Rxf4 Ne7 23. Raf1 Nf5 24. R1f3 h6 25. h4 f6 26. exf6 Rxf6 27. e4 Ne3
28. Qc1 Rxf4 29. Rxf4 Qe2 30. Rf2 Qd1+ 31. Qxd1 Nxd1 32. Re2 Nxc3 33. bxc3 Rc8
34. exd5 exd5 35. Re7 b6 36. Re6 Rxc3 37. Rxb6 Rxa3 38. Rb5 Kf7 39. Rxd5 Ke6
40. Rc5 Kd6 41. Kf2 Ra1 42. Ke2 a4 43. Ra5 a3 44. d5 Ke5 45. Kf2 Kd6 46. Kg3
Ke5 47. Kf2 a2 48. Kg3 h5 49. Kh2 Kd6 1/2-1/2

[Event "16th Dubai Open 2014"]
[Site "Dubai UAE"]
[Date "2014.04.13"]
[Round "7.17"]
[White "Georgiadis, Nico"]
[Black "Jumabayev, Rinat"]
[Result "1-0"]
[WhiteElo "2421"]
[BlackElo "2580"]
[PlyCount "67"]
[EventDate "2014.04.07"]

1. e4 c5 2. Nf3 Nc6 3. d4 cxd4 4. Nxd4 e6 5. Nc3 Qc7 6. Qd3 Nf6 7. Ndb5 Qb8 8.
Qg3 d6 9. Be3 a6 10. Nd4 h5 11. Be2 h4 12. Qg5 Qc7 13. O-O-O Bd7 14. f4 Rc8 15.
Bf3 b5 16. Rd2 Na5 17. e5 b4 18. exf6 gxf6 19. Qxf6 bxc3 20. Qxh8 Nc4 21. Rd3
Nxb2 22. Nb3 Nxd3+ 23. cxd3 Ba4 24. Qd4 Bb5 25. Kc2 d5 26. Re1 Qd6 27. Bc1 Kd7
28. f5 Qb4 29. fxe6+ fxe6 30. Qxb4 Bxb4 31. Rxe6 h3 32. Bg4 Kc7 33. Bxh3 Rf8
34. Re2 1-0

[Event "16th Dubai Open 2014"]
[Site "Dubai UAE"]
[Date "2014.04.13"]
[Round "7.19"]
[White "Kotsur, Pavel"]
[Black "Abhishek, Kelkar"]
[Result "1-0"]
[WhiteElo "2557"]
[BlackElo "2300"]
[PlyCount "77"]
[EventDate "2014.04.07"]

1. c4 Nf6 2. Nc3 g6 3. g3 Bg7 4. Bg2 O-O 5. d4 d6 6. e4 Nbd7 7. Nge2 e5 8. O-O
exd4 9. Nxd4 Re8 10. h3 Nc5 11. Re1 a5 12. Ndb5 Bd7 13. Qc2 Qc8 14. Kh2 Bc6 15.
Bf4 Nfd7 16. Rad1 Ne6 17. Be3 Ndc5 18. f4 b6 19. Nd5 Na6 20. a3 Qd7 21. e5 Bxb5
22. cxb5 Qxb5 23. Ne7+ Rxe7 24. Bc6 Nb4 25. axb4 Qa6 26. b5 Qa7 27. exd6 cxd6
28. Bxa8 Qxa8 29. Qc6 Qxc6 30. bxc6 Rc7 31. Rxd6 Bf8 32. Red1 Bxd6 33. Rxd6 Nc5
34. Rd8+ Kg7 35. Bd4+ Kh6 36. g4 f6 37. Bxf6 Rxc6 38. Rg8 Ne4 39. Bg7# 1-0

[Event "16th Dubai Open 2014"]
[Site "Dubai UAE"]
[Date "2014.04.13"]
[Round "7.20"]
[White "Ahmadinia, Ebrahim"]
[Black "Jankovic, Alojzije"]
[Result "1/2-1/2"]
[WhiteElo "2353"]
[BlackElo "2554"]
[PlyCount "128"]
[EventDate "2014.04.07"]

1. e4 c5 2. Nf3 Nc6 3. c3 Nf6 4. e5 Nd5 5. d4 cxd4 6. cxd4 d6 7. Bc4 e6 8. O-O
Be7 9. Qe2 O-O 10. Re1 Qb6 11. Qe4 dxe5 12. dxe5 Bc5 13. Qh4 Nde7 14. Bd3 Nf5
15. Bxf5 exf5 16. Nc3 Qb4 17. Bf4 Ne7 18. a3 Qxb2 19. Bd2 Bd7 20. Reb1 Qc2 21.
Qc4 Rac8 22. Qe2 f4 23. Ne4 Bb6 24. Ne1 Qc4 25. Qxc4 Rxc4 26. Nd6 Rc5 27. Bxf4
Nd5 28. Bd2 Bc6 29. Rc1 Rxc1 30. Rxc1 f6 31. e6 Rd8 32. Nc4 Re8 33. Nxb6 Nxb6
34. Nf3 Rxe6 35. Nd4 Rd6 36. Be3 Kf7 37. h3 g6 38. Nxc6 Rxc6 39. Rb1 h5 40. a4
Ke6 41. a5 Nc4 42. Rxb7 Nxe3 43. fxe3 Ra6 44. Rb5 Kd6 45. e4 Kc6 46. Rd5 f5 47.
Kf2 fxe4 48. Rg5 Kd7 49. Ke3 Re6 50. h4 Kd6 51. g4 hxg4 52. Rxg4 Kd5 53. Rg5+
Kc4 54. Rg1 Kb4 55. Rg5 Ra6 56. Kxe4 Rxa5 57. Rxg6 Rh5 58. Ra6 Rxh4+ 59. Kd3
Rh7 60. Kc2 Kb5 61. Rg6 a5 62. Kb2 Rh2+ 63. Ka3 Rh3+ 64. Kb2 a4 1/2-1/2

[Event "16th Dubai Open 2014"]
[Site "Dubai UAE"]
[Date "2014.04.13"]
[Round "7.21"]
[White "Tabatabaei, M.amin"]
[Black "Dizdar, Goran"]
[Result "0-1"]
[WhiteElo "2298"]
[BlackElo "2513"]
[PlyCount "144"]
[EventDate "2014.04.07"]

1. e4 e6 2. d4 d5 3. Nd2 c5 4. Ngf3 a6 5. dxc5 Bxc5 6. Bd3 Nf6 7. Qe2 Qc7 8.
O-O Nc6 9. c3 O-O 10. e5 Ng4 11. Nb3 Ba7 12. Bxh7+ Kxh7 13. Ng5+ Kg8 14. Qxg4
Qxe5 15. Qh3 Qf5 16. Qxf5 exf5 17. Rd1 Re8 18. Kf1 Ne5 19. Bf4 Nc4 20. Rab1 f6
21. Nf3 g5 22. Bc7 Bd7 23. h4 Rac8 24. Bh2 g4 25. Nfd4 a5 26. Na1 Bxd4 27. Rxd4
Bb5 28. Kg1 Re2 29. Bf4 Rce8 30. Nb3 Bc6 31. h5 a4 32. Nd2 Re1+ 33. Rxe1 Rxe1+
34. Kh2 Nxb2 35. h6 b5 36. f3 Kh7 37. Kg3 Nd1 38. Rd3 Nb2 39. Re3 Rxe3 40. Bxe3
Bd7 41. Bd4 Kxh6 42. Bxf6 Kg6 43. Bd4 Nd3 44. f4 Nc1 45. a3 Ne2+ 46. Kf2 Nxf4
47. g3 Nh5 48. Nf1 f4 49. gxf4 Nxf4 50. Ne3 Be6 51. Bh8 Kg5 52. Bg7 Bd7 53. Bd4
Bc6 54. Bg7 g3+ 55. Kg1 Bb7 56. Be5 Bc6 57. Bg7 Nh3+ 58. Kg2 d4+ 59. Kxh3 dxe3
60. Kxg3 Kf5 61. Bh6 Ke4 62. Bg5 Kd3 63. Bh6 b4 64. cxb4 Bb5 65. Bf4 e2 66. Kf2
Kc2 67. Bg3 Kb2 68. Ke1 Kxa3 69. Kd2 Kb2 70. Be5+ Kb1 71. Ba1 Kxa1 72. Kc2 a3
0-1

[Event "16th Dubai Open 2014"]
[Site "Dubai UAE"]
[Date "2014.04.13"]
[Round "7.22"]
[White "Karthik, V.   AP."]
[Black "Cicak, Slavko"]
[Result "1/2-1/2"]
[WhiteElo "2250"]
[BlackElo "2507"]
[PlyCount "92"]
[EventDate "2014.04.07"]

1. e4 c5 2. Ne2 Nc6 3. d4 cxd4 4. Nxd4 d6 5. Nc3 e6 6. Be3 Nf6 7. Qd2 Be7 8. f3
O-O 9. O-O-O a6 10. g4 Nxd4 11. Bxd4 Nd7 12. Kb1 b5 13. a3 Bb7 14. h4 Ne5 15.
Qe3 Qc8 16. g5 Nc4 17. Bxc4 Qxc4 18. f4 a5 19. Rhg1 b4 20. Bf6 bxc3 21. Bxe7
Bxe4 22. Qxc3 Qxc3 23. bxc3 Rfb8+ 24. Kc1 d5 25. Rd4 Ra6 26. Ra4 Rc6 27. Kd2
Rbc8 28. Rg3 Ra6 29. Bb4 Rca8 30. Bc5 Rb8 31. Rg1 Rb5 32. Bd4 Rc6 33. h5 Kf8
34. h6 g6 35. Be5 Ke8 36. Ra1 Kd7 37. Kc1 Ra6 38. Rb1 Kc6 39. Rxb5 Kxb5 40. Rd4
Rc6 41. a4+ Kb6 42. Kb2 Bg2 43. Rd1 Ka6 44. Bd4 Rc7 45. Rb1 Be4 46. Ka3 Rb7
1/2-1/2

[Event "16th Dubai Open 2014"]
[Site "Dubai UAE"]
[Date "2014.04.13"]
[Round "7.23"]
[White "Melia, Salome"]
[Black "Raes, Abdul Kader"]
[Result "1/2-1/2"]
[WhiteElo "2459"]
[BlackElo "2248"]
[PlyCount "52"]
[EventDate "2014.04.07"]

1. e4 e6 2. d4 d5 3. Nc3 Bb4 4. exd5 exd5 5. Bd3 Ne7 6. Qf3 c5 7. dxc5 Nbc6 8.
a3 Bxc5 9. Nge2 a6 10. Bf4 Be6 11. O-O Qd7 12. Rad1 O-O 13. Qh5 g6 14. Qh4 f6
15. Bh6 Rf7 16. Qg3 Rd8 17. h4 Ne5 18. Bf4 Nxd3 19. cxd3 Nf5 20. Qh2 Nd4 21. b4
Ba7 22. Nxd4 Bxd4 23. Ne2 Bb6 24. Nc3 Bd4 25. Ne2 Bb6 26. Nc3 Bd4 1/2-1/2

[Event "16th Dubai Open 2014"]
[Site "Dubai UAE"]
[Date "2014.04.13"]
[Round "7.24"]
[White "Istratescu, Andrei"]
[Black "Khademalsharieh, Sarasadat"]
[Result "1-0"]
[WhiteElo "2667"]
[BlackElo "2292"]
[PlyCount "85"]
[EventDate "2014.04.07"]

1. e4 e5 2. Nf3 Nc6 3. Bb5 a6 4. Ba4 Nge7 5. c3 g6 6. d4 exd4 7. cxd4 b5 8. Bb3
Bg7 9. d5 Na5 10. Bd2 Nxb3 11. Qxb3 d6 12. Bc3 Bxc3+ 13. Nxc3 O-O 14. O-O c5
15. dxc6 Be6 16. Nd5 Nxc6 17. Rac1 Na5 18. Qd3 Nc4 19. b3 Ne5 20. Nxe5 dxe5 21.
Rc6 Bxd5 22. exd5 Qd7 23. Rfc1 Rac8 24. Qc3 Rxc6 25. dxc6 Qc7 26. h4 Re8 27. a4
bxa4 28. bxa4 a5 29. h5 Kg7 30. Qe3 Re6 31. h6+ Kg8 32. Qd2 Kf8 33. Qd5 g5 34.
Qb5 f6 35. Rc5 e4 36. Qb7 Re7 37. Qa8+ Kf7 38. Qxa5 Qf4 39. Qb4 Qd6 40. Qc4+
Kg6 41. c7 e3 42. fxe3 Rxe3 43. Qc2+ 1-0

[Event "16th Dubai Open 2014"]
[Site "Dubai UAE"]
[Date "2014.04.13"]
[Round "7.25"]
[White "Gulamali, Kazim"]
[Black "Lalith, Babu M.R"]
[Result "0-1"]
[WhiteElo "2293"]
[BlackElo "2594"]
[PlyCount "58"]
[EventDate "2014.04.07"]

1. e4 c6 2. d4 d5 3. Nc3 dxe4 4. Nxe4 Bf5 5. Ng3 Bg6 6. h4 h6 7. h5 Bh7 8. Nf3
Nd7 9. Bd3 Bxd3 10. Qxd3 e6 11. Bf4 Qa5+ 12. Bd2 Bb4 13. c3 Be7 14. c4 Qc7 15.
O-O-O Ngf6 16. Kb1 Rd8 17. Qe2 O-O 18. Bc3 b5 19. d5 cxd5 20. cxd5 Nc5 21. dxe6
Nxe6 22. Qxb5 Rb8 23. Qe5 Qb7 24. Nf5 Rfc8 25. Nxe7+ Qxe7 26. Nd4 Ng4 27. Qg3
Nxf2 28. Nc6 Qb7 29. Nxb8 Ne4 0-1

[Event "16th Dubai Open 2014"]
[Site "Dubai UAE"]
[Date "2014.04.13"]
[Round "7.26"]
[White "Saduakassova, Dinara"]
[Black "Pourramezanali, Amirreza"]
[Result "0-1"]
[WhiteElo "2342"]
[BlackElo "2435"]
[PlyCount "106"]
[EventDate "2014.04.07"]

1. d4 d5 2. c4 c6 3. Nf3 Nf6 4. e3 e6 5. Bd3 Nbd7 6. b3 Ne4 7. O-O f5 8. Bb2
Bd6 9. Ne5 O-O 10. f3 Nec5 11. Nxd7 Nxd7 12. Ba3 Nf6 13. Qd2 Bxa3 14. Nxa3 Qe7
15. Qb2 Bd7 16. Rae1 Rae8 17. Nc2 Qd6 18. f4 Kh8 19. Re2 Rc8 20. Qa3 Qxa3 21.
Nxa3 c5 22. cxd5 Nxd5 23. dxc5 Rxc5 24. Nc4 Bb5 25. a3 Rd8 26. Rc2 Bxc4 27.
Rxc4 Rxc4 28. Bxc4 Nxe3 29. Re1 Nxc4 30. bxc4 Rd6 31. c5 Rc6 32. Rd1 h6 33. Rd7
Rxc5 34. Rxb7 Ra5 35. Rb3 Kg8 36. Kf2 Kf7 37. Kf3 Kf6 38. h4 Ra4 39. g3 Rc4 40.
Re3 a5 41. Rd3 a4 42. Ke3 g5 43. h5 Rc2 44. Rd7 Rh2 45. Ra7 g4 46. Rxa4 Rg2 47.
Ra8 Rxg3+ 48. Ke2 Rf3 49. Rf8+ Kg7 50. Re8 Kf7 51. Rh8 Rxf4 52. Rxh6 Ra4 53.
Rh7+ Kf6 0-1